<?xml version="1.0" encoding="UTF-8"?>
<record
    xmlns:xsi="http://www.w3.org/2001/XMLSchema-instance"
    xsi:schemaLocation="http://www.loc.gov/MARC21/slim http://www.loc.gov/standards/marcxml/schema/MARC21slim.xsd"
    xmlns="http://www.loc.gov/MARC21/slim">

  <leader>00439nam a22001817a 4500</leader>
  <datafield tag="999" ind1=" " ind2=" ">
    <subfield code="c">7440</subfield>
    <subfield code="d">7438</subfield>
  </datafield>
  <controlfield tag="005">20210218115510.0</controlfield>
  <controlfield tag="008">210218b           ||||| |||| 00| 0 eng d</controlfield>
  <datafield tag="020" ind1=" " ind2=" ">
    <subfield code="a">978-93-85529-23-8</subfield>
  </datafield>
  <datafield tag="041" ind1=" " ind2=" ">
    <subfield code="a">eng</subfield>
  </datafield>
  <datafield tag="082" ind1=" " ind2=" ">
    <subfield code="a">615.3</subfield>
  </datafield>
  <datafield tag="100" ind1=" " ind2=" ">
    <subfield code="a">JAIN, N.K.</subfield>
    <subfield code="9">6341</subfield>
  </datafield>
  <datafield tag="245" ind1=" " ind2=" ">
    <subfield code="a">PHARMACEUTICAL MICROBIOLOGY</subfield>
  </datafield>
  <datafield tag="250" ind1=" " ind2=" ">
    <subfield code="a">3 RD, ED.  2019</subfield>
  </datafield>
  <datafield tag="260" ind1=" " ind2=" ">
    <subfield code="a">DELHI</subfield>
    <subfield code="b">VALLABH PRAKASHAN</subfield>
    <subfield code="c">2019</subfield>
  </datafield>
  <datafield tag="300" ind1=" " ind2=" ">
    <subfield code="a">488,p</subfield>
  </datafield>
  <datafield tag="650" ind1=" " ind2=" ">
    <subfield code="a">PHARMACY</subfield>
    <subfield code="9">6342</subfield>
  </datafield>
  <datafield tag="942" ind1=" " ind2=" ">
    <subfield code="c">BK</subfield>
  </datafield>
  <datafield tag="952" ind1=" " ind2=" ">
    <subfield code="0">0</subfield>
    <subfield code="1">0</subfield>
    <subfield code="4">0</subfield>
    <subfield code="7">0</subfield>
    <subfield code="8">PHARMACY</subfield>
    <subfield code="a">JRU</subfield>
    <subfield code="b">JRU</subfield>
    <subfield code="c">SHELF-17-G</subfield>
    <subfield code="d">2021-02-18</subfield>
    <subfield code="e">PURCHES / LBI - 1710 / 11-2-21</subfield>
    <subfield code="g">370.00</subfield>
    <subfield code="l">8</subfield>
    <subfield code="m">3</subfield>
    <subfield code="o">615.3</subfield>
    <subfield code="p">25443</subfield>
    <subfield code="r">2024-09-16 13:07:09</subfield>
    <subfield code="s">2024-09-04</subfield>
    <subfield code="w">2021-02-18</subfield>
    <subfield code="y">BK</subfield>
  </datafield>
  <datafield tag="952" ind1=" " ind2=" ">
    <subfield code="0">0</subfield>
    <subfield code="1">0</subfield>
    <subfield code="4">0</subfield>
    <subfield code="7">0</subfield>
    <subfield code="8">PHARMACY</subfield>
    <subfield code="a">JRU</subfield>
    <subfield code="b">JRU</subfield>
    <subfield code="c">SHELF-17-G</subfield>
    <subfield code="d">2021-02-18</subfield>
    <subfield code="e">PURCHES / LBI - 1710 / 11-2-21</subfield>
    <subfield code="g">370.00</subfield>
    <subfield code="l">9</subfield>
    <subfield code="m">2</subfield>
    <subfield code="o">615.3</subfield>
    <subfield code="p">25444</subfield>
    <subfield code="r">2024-09-30 17:04:24</subfield>
    <subfield code="s">2024-09-04</subfield>
    <subfield code="w">2021-02-18</subfield>
    <subfield code="y">BK</subfield>
  </datafield>
  <datafield tag="952" ind1=" " ind2=" ">
    <subfield code="0">0</subfield>
    <subfield code="1">0</subfield>
    <subfield code="4">0</subfield>
    <subfield code="7">0</subfield>
    <subfield code="8">PHARMACY</subfield>
    <subfield code="a">JRU</subfield>
    <subfield code="b">JRU</subfield>
    <subfield code="c">SHELF-17-G</subfield>
    <subfield code="d">2021-02-18</subfield>
    <subfield code="e">PURCHES / LBI - 1710 / 11-2-21</subfield>
    <subfield code="g">370.00</subfield>
    <subfield code="l">8</subfield>
    <subfield code="m">3</subfield>
    <subfield code="o">615.3</subfield>
    <subfield code="p">25445</subfield>
    <subfield code="r">2025-09-20 09:46:16</subfield>
    <subfield code="s">2025-09-18</subfield>
    <subfield code="w">2021-02-18</subfield>
    <subfield code="y">BK</subfield>
  </datafield>
  <datafield tag="952" ind1=" " ind2=" ">
    <subfield code="0">0</subfield>
    <subfield code="1">0</subfield>
    <subfield code="4">0</subfield>
    <subfield code="7">0</subfield>
    <subfield code="8">REF</subfield>
    <subfield code="a">JRU</subfield>
    <subfield code="b">JRU</subfield>
    <subfield code="c">SHELF - 10 - C</subfield>
    <subfield code="d">2021-02-18</subfield>
    <subfield code="e">PURCHES / LBI - 1710 / 11-2-21</subfield>
    <subfield code="g">370.00</subfield>
    <subfield code="l">2</subfield>
    <subfield code="m">1</subfield>
    <subfield code="o">615.3</subfield>
    <subfield code="p">25446</subfield>
    <subfield code="r">2022-09-14 00:00:00</subfield>
    <subfield code="s">2022-08-30</subfield>
    <subfield code="w">2021-02-18</subfield>
    <subfield code="y">BK</subfield>
  </datafield>
  <datafield tag="952" ind1=" " ind2=" ">
    <subfield code="0">0</subfield>
    <subfield code="1">0</subfield>
    <subfield code="4">0</subfield>
    <subfield code="7">0</subfield>
    <subfield code="8">PHARMACY</subfield>
    <subfield code="a">JRU</subfield>
    <subfield code="b">JRU</subfield>
    <subfield code="c">SHELF-17-G</subfield>
    <subfield code="d">2021-02-18</subfield>
    <subfield code="e">PURCHES / LBI - 1710 / 11-2-21</subfield>
    <subfield code="g">370.00</subfield>
    <subfield code="l">3</subfield>
    <subfield code="m">1</subfield>
    <subfield code="o">615.3</subfield>
    <subfield code="p">25447</subfield>
    <subfield code="r">2025-10-17 13:17:21</subfield>
    <subfield code="s">2024-07-25</subfield>
    <subfield code="w">2021-02-18</subfield>
    <subfield code="y">BK</subfield>
  </datafield>
  <datafield tag="952" ind1=" " ind2=" ">
    <subfield code="0">0</subfield>
    <subfield code="1">0</subfield>
    <subfield code="4">0</subfield>
    <subfield code="7">0</subfield>
    <subfield code="8">PHARMACY</subfield>
    <subfield code="a">JRU</subfield>
    <subfield code="b">JRU</subfield>
    <subfield code="c">SHELF-17-G</subfield>
    <subfield code="d">2021-02-18</subfield>
    <subfield code="e">PURCHES / LBI - 1710 / 11-2-21</subfield>
    <subfield code="g">370.00</subfield>
    <subfield code="l">4</subfield>
    <subfield code="o">615.3</subfield>
    <subfield code="p">25448</subfield>
    <subfield code="r">2026-01-07 04:36:26</subfield>
    <subfield code="s">2025-08-20</subfield>
    <subfield code="w">2021-02-18</subfield>
    <subfield code="y">BK</subfield>
  </datafield>
  <datafield tag="952" ind1=" " ind2=" ">
    <subfield code="0">0</subfield>
    <subfield code="1">0</subfield>
    <subfield code="4">0</subfield>
    <subfield code="7">0</subfield>
    <subfield code="8">PHARMACY</subfield>
    <subfield code="a">JRU</subfield>
    <subfield code="b">JRU</subfield>
    <subfield code="c">SHELF-17-G</subfield>
    <subfield code="d">2021-02-18</subfield>
    <subfield code="e">PURCHES / LBI - 1710 / 11-2-21</subfield>
    <subfield code="g">370.00</subfield>
    <subfield code="l">3</subfield>
    <subfield code="m">2</subfield>
    <subfield code="o">615.3</subfield>
    <subfield code="p">25449</subfield>
    <subfield code="r">2023-10-31 14:46:13</subfield>
    <subfield code="s">2023-09-26</subfield>
    <subfield code="w">2021-02-18</subfield>
    <subfield code="y">BK</subfield>
  </datafield>
  <datafield tag="952" ind1=" " ind2=" ">
    <subfield code="0">0</subfield>
    <subfield code="1">0</subfield>
    <subfield code="4">0</subfield>
    <subfield code="7">0</subfield>
    <subfield code="8">PHARMACY</subfield>
    <subfield code="a">JRU</subfield>
    <subfield code="b">JRU</subfield>
    <subfield code="c">SHELF-17-G</subfield>
    <subfield code="d">2021-02-18</subfield>
    <subfield code="e">PURCHES / LBI - 1710 / 11-2-21</subfield>
    <subfield code="g">370.00</subfield>
    <subfield code="l">7</subfield>
    <subfield code="m">2</subfield>
    <subfield code="o">615.3</subfield>
    <subfield code="p">25450</subfield>
    <subfield code="q">2026-05-23</subfield>
    <subfield code="r">2026-04-28 13:40:12</subfield>
    <subfield code="s">2026-04-28</subfield>
    <subfield code="w">2021-02-18</subfield>
    <subfield code="y">BK</subfield>
  </datafield>
</record>
